British Geography Quiz #4 - Statistics

General Stats
  • This quiz has been taken 1,746 times
  • The average score is 12 of 20
Answer Stats
Question Answer % Correct
What is the busiest airport in the London area? Heathrow
96%
What palace in London is the official residence of the King? Buckingham Palace
88%
On what street would you find the official residence of the British Prime Minister? Downing Street
84%
What is the name of the tunnel that connects England to France? Channel Tunnel
82%
What island chain off the northwest coast consists of "Inner" and "Outer" parts? Hebrides
81%
What World Heritage Site is built by Fionn mac Cumhaill (according to legend)? {Giant}'{s} Causeway
78%
What is the national animal of Scotland? Unicorn
76%
What is the largest island of England by area? Isle of Wight
69%
What county is located right north of the above, and got a "new" version in New England? Hampshire
63%
What national park is located 40 km north of the Welsh capital? Brecon {Beacon}s
57%
What is known as the "Granite City"? Aberdeen
53%
What British island in the Atlantic Ocean is known to be the death place of Napoleon? St. Helena
52%
What P range of hills covers the central-northern parts of England? Pennines
50%
What formerly uninhabited island, starting with the letter P, was settled byHMS Bounty mutineers? Pitcairn Island
48%
What is the largest island of the "Inner" part of the above, home to Clan MacLeod? Skye
48%
What is the smallest crown dependency of the United Kingdom? Guernsey
41%
What is the capital of the Falkland Islands? Stanley
35%
To what country are the Turks and Caicos Islands closest? Bahamas
34%
What is the largest British Overseas Territory by area? British {Antarctic}Territory
30%
What is the largest lake in the United Kingdom? Lough Neagh
20%
No matching quizzes found
Score Distribution
Percent of People with Each Score
Percentile by Number Answered
Your Score History
You have not taken this quiz